| 000 | 00751nam a22002057a 4500 | ||
|---|---|---|---|
| 999 |
_c11423 _d11423 |
||
| 003 | AR-CdUCM | ||
| 008 | 190404b ||||| |||| 00| 0 spa d | ||
| 040 |
_aMUNICIPALIDAD PROVINCIAL DEL CUSCO _cBIBLIOTECA MUNICIPAL DEL CUSCO |
||
| 082 |
_a804.08 / _bUN53 R /1942 |
||
| 100 |
_aUnamuno, Miguel de, _9458 |
||
| 245 | _aMi religión y otros ensayos breves / | ||
| 260 |
_aMadrid : Espasa-Calpe, 1978. _bEspasa-Calpe, _c1942. |
||
| 300 |
_a168 paginas ; _c18 cm. |
||
| 505 | _aContenido : Mi religión -- Verdad y vida -- De la correspondencia de un luchador -- El cristo español -- El resorte moral... | ||
| 650 |
_aReligión _91195 |
||
| 650 |
_aEnsayos _9375 |
||
| 650 |
_aLiteratura hispánica _95828 |
||
| 942 |
_2ddc _cLIBROS |
||
| 945 | _awnts | ||